Southville International School and Colleges
Your cart is empty.
  • Cart
  • Lists
    Public lists Eva Luna New books Lux_list list_1
    Your lists Log in to create your own lists
  • Log in to your account
  • Your cookies
  • Search history
Southville International School and Colleges
  • Advanced search
  • Recent comments
  • Most popular
  • Libraries

Log in to your account

Log in with GOOGLE


If you do not have an external account, but do have a local account, you can still log in:

  1. Home
  2. MARC view: Baby on board /
Normal view MARC view ISBD view

Baby on board / (Record no. 12391)

[ view plain ]
MARC details
000 -LEADER
fixed length control field 00684nam a22002297a 4500
003 - CONTROL NUMBER IDENTIFIER
control field OSt
005 - DATE AND TIME OF LATEST TRANSACTION
control field 20140310182352.0
008 - FIXED-LENGTH DATA ELEMENTS--GENERAL INFORMATION
fixed length control field 130930t xxu||||| |||| 00| 0 eng d
020 ## - INTERNATIONAL STANDARD BOOK NUMBER
International Standard Book Number 0-449-13381-8
050 ## - LIBRARY OF CONGRESS CALL NUMBER
Classification number PN 6728
Item number .K24 1991
082 ## - DEWEY DECIMAL CLASSIFICATION NUMBER
Classification number GS 741.5973
Item number K19 1989
100 ## - MAIN ENTRY--PERSONAL NAME
Personal name Keane, Bil
9 (RLIN) 22210
245 ## - TITLE STATEMENT
Title Baby on board /
Statement of responsibility, etc Bil Keane.
260 ## - PUBLICATION, DISTRIBUTION, ETC. (IMPRINT)
Place of publication, distribution, etc New York :
Name of publisher, distributor, etc Ballantine Books,
Date of publication, distribution, etc 1991.
300 ## - PHYSICAL DESCRIPTION
Extent 100 p. :
Other physical details ill. ;
Dimensions 18 cm.
440 ## - SERIES STATEMENT/ADDED ENTRY--TITLE
Title Family Circus
9 (RLIN) 22211
650 ## - SUBJECT ADDED ENTRY--TOPICAL TERM
Topical term or geographic name as entry element Family
General subdivision Caricatures and cartoons.
9 (RLIN) 22212
650 ## - SUBJECT ADDED ENTRY--TOPICAL TERM
Topical term or geographic name as entry element American wit and humor, Pictorial.
9 (RLIN) 1156
650 ## - SUBJECT ADDED ENTRY--TOPICAL TERM
Topical term or geographic name as entry element Keane family
General subdivision Portrait, etc.
9 (RLIN) 22213
942 ## - ADDED ENTRY ELEMENTS (KOHA)
Source of classification or shelving scheme Library of Congress Classification
Koha item type
Holdings
Withdrawn status Lost status Source of classification or shelving scheme Damaged status Home library Current library Shelving location Date acquired Total Checkouts Full call number Barcode Date last seen Copy number Price effective from Koha item type
    Library of Congress Classification   Luxembourg Library Luxembourg Library Grade School Section 09/30/2013   PN 6728 .K24 1991 8988 10/28/2015 1 09/30/2013 Books

Baby on board /

APA

Keane B., . (1991). Baby on board. New York: Ballantine Books.

Chicago

Keane Bil, . 1991. Baby on board. New York: Ballantine Books.

Harvard

Keane B., . (1991). Baby on board. New York: Ballantine Books.

MLA

Keane Bil, . Baby on board. New York: Ballantine Books. 1991.

  • Place hold
  • Print
  • Cite
  • Add to your cart (remove)
  • Save record
    BIBTEX Dublin Core MARCXML MARC (non-Unicode/MARC-8) MARC (Unicode/UTF-8) MARC (Unicode/UTF-8, Standard) MODS (XML) RIS
  • More searches
    Search for this title in:
    Other Libraries (WorldCat) Other Databases (Google Scholar) Online Stores (Bookfinder.com) Open Library (openlibrary.org)

Exporting to Dublin Core...

SOUTHVILLE LIBRARY

Southville International School and Colleges Library

1281 Tropical Ave. Cor. Luxembourg St., BF Homes International, Las Pinas City

Tel. No. 8256374 / 252358 Loc. 117/146

Powered by Koha